|
|
|
|
| LEADER |
00000nab a2200000 a 4500 |
| 001 |
vtls000842557 |
| 003 |
SK-MaSNL |
| 005 |
20260303220042.0 |
| 008 |
140923c2003 xo 0 eng |
| 015 |
|
|
|a SNBRB2003/09-22981
|
| 035 |
|
|
|a CLN000194212
|
| 040 |
|
|
|a SNKBUCL
|b slo
|c SNKBUCL
|e AACR2
|
| 041 |
0 |
|
|a eng
|
| 044 |
|
|
|a xo
|c SK
|
| 080 |
|
|
|a 004.932.4
|2 1997
|
| 100 |
1 |
|
|a Bajla, Ivan,
|d 1945-
|4 aut
|9 39654
|
| 245 |
1 |
0 |
|a A performance evaluation method for geometry-driven diffusion filters
|c Ivan Bajla, Igor Holländer, Viktor Witkovský
|
| 300 |
|
|
|b Fotogr., sch., tab.
|
| 504 |
|
|
|a Bibliogr. odkazy
|
| 504 |
|
|
|a Res. angl.
|
| 504 |
|
|
|a Biogr. údaje
|
| 650 |
0 |
7 |
|a obrazy (kybernetika)
|x filtrovanie difúzne
|2 snkbucl
|9 1252896
|
| 700 |
1 |
|
|a Holländer, Igor
|4 aut
|9 784489
|
| 700 |
1 |
|
|a Witkovský, Viktor,
|d 1963-
|4 aut
|9 241824
|
| 773 |
0 |
|
|t Journal of electrical engineering = Elektrotechnický časopis
|g Roč. 54, č. 1-2 (2003), s. 3-12
|x 1335-3632
|
| 850 |
|
|
|a Slovenská národná knižnica v Martine
|
| 852 |
|
|
|a SNK
|b KIS3GCP
|
| 958 |
|
|
|a NB
|
| 999 |
|
|
|c 2224839
|d 2226769
|